00681nam a22001217a 4500008004100000020001500041050002900056245035400085260004300439300002500482440003500507800001700542140822b xxu||||| |||| 00| 0 eng d a0406091536 aKD277.7.L39(1887 vol.18) aThe Law Reports (1887 vol.18) Queen's Bench Division : Under the superintendence and control of the incorporated council of law reporting for england and wales. Supreme court of judicature cases determined in the queen's bench division and on appeal therefrom in the court of appeal, and decisions on crown cases reserved. /cEdited by: A. P. Stone. aLondon:bButterworth & Co. Ltd,c1887. axviii, 827p.:c24cm. pQueen's Bench Divisionvvol 18 aSTONE, A. P.